00617nam a22001817a 450000500170000001000150001702000310003203500140006303700130007708200080009024501320009826000300023027000680026030000240032850000370035270000250038970000210041420220215152049.0 aENG-126384 c1395.00a978-93-5290-597-3 aEN-109916 bDBAD/PUB a954 aEarly Indian History And Beyond:bEssays in Honour of B.D. Chattopadhyaya/cedited by Osmund Bopearachchi [and] Suchandra Ghosh bPrimus Booksc2019aDelhi aVirat Bhavan, Mukherjee Nagar Commercial ComplexbDelhie110009 axiii592p.c24cm(hb) aIncludes index and bibliography. aBopearachchi, Osmund aGhosh, Suchandra